alg: 32620643
001A    $06057:25-07-13 
001B    $06055:06-03-26 $t18:45:29.000 
001C    $06057:25-07-13 $t11:45:48.000 
001D    $06057:25-07-13 
001U    $0utf8 
001X    $00 
002@    $0Aax 
003@    $0326206434 
004A    $00-230-31968-8 
004A    $A978-0-230-31968-4 $f£55.00 
006B    $0GBB284198 
007A    $0326206434 $aHEB 
007T    $0Herdc0108890m 
009P    $A2 $3zusätzliche Angaben $uhttp://bvbr.bib-bvb.de:8991/F?func=service&doc%5Flibrary=BVB01&local%5Fbase=BVB01&doc%5Fnumber=027592656&line%5Fnumber=0001&func%5Fcode=DB%5FRECORDS&service%5Ftype=MEDIA 
010@    $aeng 
011@    $a2013 
013D    $#Beiträge Formschlagwort $#Einzelbeiträge $#Sammelwerk Formschlagwort $D20251120 $Ecgmnf $74143413-4 $8Aufsatzsammlung [Tsz] $9085562742 
021A    $aTransnational soldiers $dforeign military enlistment in the modern era 
028C    $D20220215 $Ecgwrk $71015141021 $8Arielli, Nir$Z1975- [Tp3] $9274593645 
028C/01 $D20220215 $Ecgwrk $7170954765 $8Collins, Bruce$Z1948- [Tp3] $9295122919 
033A    $pBasingstoke $nPalgrave Macmillan 
034D    $axi, 263 pages. 
037A    $aIncludes bibliographical references and index. 
041K    $aForeign enlistment--History 
041K/01 $aSoldiers--History 
041K/02 $aTransnationalism 
044K    $#Internationale Brigade $#Brigadas Internacionales $#Interbrigaden $#International Brigades $#Brigades internationales $D20251120 $Ecgmnf $716097515-3 $8Internationale Brigaden [Tb1] $923035937X 
044K    $RAusländerin $RFremder $RGebietsfremder $RMigrationshintergrund $#Noncitizens $#Étrangers $#Stranieri $#Extranjeros $#Ausländer $#Ausländer $#Ausländer $#Ausländischer Erwachsener $D20251120 $Ecgmnf $74003725-3 $8Ausländer [Ts1] $9085001694 
044K    $RVerband $#Military service, Voluntary $#Service militaire volontaire $#Legion Freiwilligenverband $#Fremdheer $#Freiwilligenverbände $D20251120 $Ecgmnf $74018378-6 $8Freiwilligenverband [Ts1] $9085043389 
044K    $RVerband $#Hilfstruppen $D20251120 $Ecgmnf $74024895-1 $8Hilfstruppe [Ts1] $9085061832 
044K    $RGefangener $RKriegsgefangenschaft $RInternierter $RWeibliche Kriegsgefangene $#Prisoners of war $#Prisonniers de guerre $#Prisioneros de guerra $#Kriegsgefangener $#Kriegsgefangene $#Kriegsgefangene $D20251120 $Ecgmnf $74033131-3 $8Kriegsgefangener [Ts1] $9085088544 
044K    $RRüstung $#Militari $#Militär $#Militär $#Heerwesen $#Kriegswesen $#Streitkräfte $#Wehrwesen $#Militärwesen $#Armee Militär $D20251120 $Ecgmnf $74039305-7 $8Militär [Tsz] $9085107107 
044K    $RSoldat $RPrivates Militärunternehmen $#Mercenary troops $#Mercenaires $#Milizie mercenarie $#Mercenari $#Mercenarios $#Söldner $#Söldner $#Solddienst $D20251120 $Ecgmnf $74055364-4 $8Söldner [Ts1] $9085154083 
044K    $RWeltkrieg $#World War, 1939-1945 $#Guerre mondiale (1939-1945) $#Weltkrieg 1939-1945 $#2. Weltkrieg $#Weltkrieg 2 $#II. Weltkrieg $#Weltkrieg II $D20251120 $Ecgmnf $74079167-1 $8Zweiter Weltkrieg [Tsz] $9085224618 
044K    $RKriegsgefangener $RDeutsche $#Prisonniers de guerre allemands $#Prigionieri tedeschi $#Deutsche in Kriegsgefangenschaft $D20251120 $Ecgmnf $74123056-5 $8Deutscher Kriegsgefangener [Ts1] $9085404977 
044K    $RUnabhängigkeitskrieg $RAmerikanische Revolution $#United States History Revolution, 1775-1783 $#États-Unis 1775-1783 (Révolution) $#Rivoluzione americana $#Estados Unidos Historia 1775-1783 (Revolución) $#Unabhängigkeitskrieg der USA $#Amerikanischer Unabhängigkeitskrieg 1775-1783 $#American Revolutionary War $#American War of Independence $D20251120 $Ecgmnf $74131739-7 $8Nordamerikanischer Unabhängigkeitskrieg [Ts1] $908547102X 
044K    $RKriegsgefangener $RRussen $#Prisonniers de guerre soviétiques $#Sowjetischer Kriegsgefangener $#Russen in Kriegsgefangenschaft $D20251120 $Ecgmnf $74138103-8 $8Russischer Kriegsgefangener [Ts1] $9085520373 
044K    $RSoldat $RWeibliche Freiwillige $#Military service, Voluntary $#Service militaire volontaire $#Kriegsfreiwilliger $D20251120 $Ecgmnf $74155349-4 $8Freiwilliger [Ts1] $9085659754 
044K    $RBürgerkrieg $RDesamortización $#Spanischer Bürgerkrieg 1833-1876 $#Karlistenkrieg $#Carlistenkriege $D20251120 $Ecgmnf $74163332-5 $8Karlistenkriege [Ts1] $9085724238 
044K    $RMilitär $#Armies, Colonial $#Forces armées coloniales $#Truppe coloniali $#Fuerzas armadas coloniales $#Schutztruppe $D20251120 $Ecgmnf $74164714-2 $8Kolonialtruppe [Ts1] $9085735175 
044K    $#Recruiting and enlistment $#Employees Recruiting $#Recrutement et engagement $#Recrutement $#Reclutamiento y alistamiento $D20251120 $Ecgmnf $74177658-6 $8Rekrutierung [Ts1] $9085839175 
044K    $RSubsidienvertrag $D20251120 $Ecgmnf $74181743-6 $8Soldatenhandel [Ts1] $9085872067 
044K    $RRekrutierung $RZwangsrekrutierter $D20251120 $Ecgmnf $74333574-3 $8Zwangsrekrutierung [Ts1] $9088106470 
044K    $RSchottland $REngland $#Großbritannien $#Großbritannien $#Vereinigtes Königreich $#بريطانيا العظمى $#Vereinigtes Königreich von Großbritannien und Nordirland $#Großbritannien und Nordirland $#England 1707- $#UK $#Angleterre Großbritannien $#Brīṭāniyā al-ʿUẓmā $#Brīṭāniya 'l-ʿUẓmā $#Vereinigtes Königreich Großbritannien und Nordirland $#United Kingdom $#United Kingdom of Great Britain and Northern Ireland $#Great Britain $#Grande Bretagne $#British Isles $#United Kingdom of Great Britain and Ireland $#Royaume-Uni $#Gran Bretagna $#UK United Kingdom $#U.K. United Kingdom $#GB Great Britain $#England Staat ab 1707 $#Grande-Bretagne $#Grossbritannien $#British Empire $#Britisches Reich $D20251120 $Ecgmnf $74022153-2 $8Großbritannien [Tgz] $9085054151 
044K    $RBritisch-Indien $RSüdasien $#Bharat $#Indische Union $#Altindien $#Hindustan $#Hindostan $#Indien 1947- $#Indie $#Indian Union $#Bhārata Gaṇarājya $#Bhārata $#Indien Republik $#Republik Indien $#Indien Dominion $#Dominion of India $#India $#Republic of India $#Inde $#Indië $#Bharata $#Indiia $#Indland $#Hindiston Respublikasi $#Satharanarat 'India $#Yin-tu $D20251120 $Ecgmnf $74026722-2 $8Indien [Tgz] $9085066931 
044K    $RKönigreich Sardinien $RRepublik von Salò $#Italy $#Italien $#Italien $#Italia $#Königreich Italien $#Repubblica Italiana $#Italiya Respublikasi $#Italijos Respublika $#Olaszorszaǵ $#Olasz Koz͏̈taŕsasaǵ $#Regno d'Italia 1861- $#Italienische Republik $#République Italienne $#Yidali-gongheguo $#Italy $D20251120 $Ecgmnf $74027833-5 $8Italien [Tgz] $9085071234 
044K    $RIberische Halbinsel $#Spanien $#Spanien $#Isbāniyā $#Spain $#Espagne $#Estado Español $#España $#Espanja $#Hispania $#Königreich Spanien $D20251120 $Ecgmnf $74055964-6 $8Spanien [Tgz] $9085155950 
044K    $RProvinz Burma $RMyanmar $#Burma Birma $#Union of Burma $#Sozialistische Republik Birmanische Union $#République Socialiste de l'Union Birmane $#Socialist Republic of the Union of Burma $#Sozialistische Republik der Union von Birma $#Provinz Burma Birma $#British Burma Birma $#Upper Burma Birma $D20251120 $Ecgmnf $74069500-1 $8Birma [Tg1] $908519543X 
044K    $RNieuwe Republiek $#Südafrika $#Republik Südafrika $#Südafrikanische Union $#Südafrikanische Republik $#Republik Südafrika $#Azania $#Republic of South Africa $#South Africa $#South African Republic $#Union of South Africa $#Republiek van Suidafrika $#RSA $#Suid-Afrika $#Suidafrika $#Suid Africa $#Republiek van Suid-Afrika $#Unie van Zuid-Africa $#Unie van Suid-Afrika $#Zuid-Africa $#Zuid-Afrikaansche Republiek $#Zuidafrikaansche Republiek $#ZAR abku $#Repaboliki ya Aferika Borwa $#Riphabulika ya Afurika Tshipembe $#Union von Südafrika $D20251120 $Ecgmnf $74078012-0 $8Südafrika [Tg1] $9085221007 
044K    $RSiam $#Thailand $#Thailand $#Thailand $#ราชอาณาจักรไทย $#Pradésa Dai $#Prathet Thai $#Muang Thai $#Thai $#Prathet T'hai $#Muang T'hai $#Pratet Thai $#Pradésa-Daiy $#Praḥ-desa-Daiy $#Rāja-ʾaāṇā-cǎkra-Daiy $#Königreich Thailand $#Kingdom of Thailand $D20251120 $Ecgmnf $74078228-1 $8Thailand [Tg1] $908522183X 
044K    $RKonföderierte Staaten von Amerika $#USA $#USA $#United States of America $#Vereinigte Staaten von Amerika $#Nordamerika USA $#Amerika USA $#United States $#United States of America $#Etats Unis $#Etats-Unis $#Vereinigte Staaten $#Estados Unidos de America $#EEUU $#Vereinigte Staaten von Nordamerika $#Soedinennye Štaty Ameriki $#SŠA $#Stany Zjednoczone Ameryki Północnej $#Hēnōmenai Politeiai tēs Boreiu Amerikēs $#Hēnōmenes Politeies tēs Amerikēs $#HēPA $#Ēnōmenes Politeies tēs Amerikēs $#ĒPA $#Meiguo $#Etats-Unis d'Amérique $#US $D20251120 $Ecgmnf $74078704-7 $8USA [Tgz] $908522331X 
044K    $RMilitär $RKrieger $RSoldatin $#Soldiers $#Soldats $#Soldati $#Soldaten $#Soldat $#Soldaten $#Legionär $#Soldaten $D20251120 $Ecgmnf $74055409-0 $8Soldat [Ts1] $9085154180 
044K    $#Militäreinsatz $#Einsatz Militär $D20251120 $Ecgmnf $74114599-9 $8Militärischer Einsatz [Ts1] $9085343609 
044K    $RAuslandsaufenthalt $#Im Ausland $#Ausland $#Ausland $#Ausländisch $D20251120 $Ecgmnf $74068999-2 $8Ausland [Ts1] $9085193828 
045B    $a355.359 $eDDC23eng 
045Z    $D20251120 $Ecgmnf $8NK 7015 [Tkv] $941089124X 

lok: 32620643 78

exp: 32620643 78 1 #EPN
201B/01 $019-04-17 $t15:10:22.000 
201U/01 $0utf8 
203@/01 $0792011430 
208@/01 $a12-11-16 $be 
209A/01 $a/ $f000 $x00 
220C/01 $aTitelaufnehmer: pg 
220C/01 $aHerkunft: HI Marburg 
220C/01 $aAnmerkung: *NG 
244Z/01 $2Trx $#sõdurid $#kareiviai $#soldiers $#katonák $#żołnierze $#vojaci $#vojáci $#kombatanci $8--Trx--Soldaten $x01 $9391371010 
244Z/01 $2Trx $#dzieło zbiorowe $8--Trx--Sammelwerk $x02 $9391384597 
247C/01 $82080>Marburg/Lahn, Herder-Institut, Forschungsbibliothek, Bibliographieportal $9336309341
LEADER 00000cam a22000002c 4500
001 326206434
003 DE-603
005 20260306184529.0
007 tu
008 130725s2013 xx |||| | u00||u|eng c
020 |a 0230319688 
020 |a 9780230319684  |c £55.00 
035 |a (DE-599)HEB326206434 
040 |a DE-603  |b ger  |c DE-603  |d DE-603 
041 |a eng 
082 7 |a 355.359  |2 23/eng 
084 |a NK 7015  |0 (DE-625)126155:  |0 (DE-603)41089124X  |2 rvk 
245 0 0 |a Transnational soldiers  |b foreign military enlistment in the modern era 
264 1 |a Basingstoke  |b Palgrave Macmillan  |c 2013 
300 |a xi, 263 pages. 
500 |a Includes bibliographical references and index. 
610 1 7 |a Internationale Brigaden  |2 gnd  |0 (DE-588)16097515-3  |0 (DE-603)23035937X 
650 7 |a Ausländer  |0 (DE-588)4003725-3  |0 (DE-603)085001694  |2 gnd 
650 7 |a Freiwilligenverband  |0 (DE-588)4018378-6  |0 (DE-603)085043389  |2 gnd 
650 7 |a Hilfstruppe  |0 (DE-588)4024895-1  |0 (DE-603)085061832  |2 gnd 
650 7 |a Kriegsgefangener  |0 (DE-588)4033131-3  |0 (DE-603)085088544  |2 gnd 
650 7 |a Militär  |0 (DE-588)4039305-7  |0 (DE-603)085107107  |2 gnd 
650 7 |a Söldner  |0 (DE-588)4055364-4  |0 (DE-603)085154083  |2 gnd 
650 7 |a Zweiter Weltkrieg  |0 (DE-588)4079167-1  |0 (DE-603)085224618  |2 gnd 
650 7 |a Deutscher Kriegsgefangener  |0 (DE-588)4123056-5  |0 (DE-603)085404977  |2 gnd 
650 7 |a Nordamerikanischer Unabhängigkeitskrieg  |0 (DE-588)4131739-7  |0 (DE-603)08547102X  |2 gnd 
650 7 |a Russischer Kriegsgefangener  |0 (DE-588)4138103-8  |0 (DE-603)085520373  |2 gnd 
650 7 |a Freiwilliger  |0 (DE-588)4155349-4  |0 (DE-603)085659754  |2 gnd 
650 7 |a Karlistenkriege  |0 (DE-588)4163332-5  |0 (DE-603)085724238  |2 gnd 
650 7 |a Kolonialtruppe  |0 (DE-588)4164714-2  |0 (DE-603)085735175  |2 gnd 
650 7 |a Rekrutierung  |0 (DE-588)4177658-6  |0 (DE-603)085839175  |2 gnd 
650 7 |a Soldatenhandel  |0 (DE-588)4181743-6  |0 (DE-603)085872067  |2 gnd 
650 7 |a Zwangsrekrutierung  |0 (DE-588)4333574-3  |0 (DE-603)088106470  |2 gnd 
650 7 |a Soldat  |0 (DE-588)4055409-0  |0 (DE-603)085154180  |2 gnd 
650 7 |a Militärischer Einsatz  |0 (DE-588)4114599-9  |0 (DE-603)085343609  |2 gnd 
650 7 |a Ausland  |0 (DE-588)4068999-2  |0 (DE-603)085193828  |2 gnd 
651 7 |a Großbritannien  |0 (DE-588)4022153-2  |0 (DE-603)085054151  |2 gnd 
651 7 |a Indien  |0 (DE-588)4026722-2  |0 (DE-603)085066931  |2 gnd 
651 7 |a Italien  |0 (DE-588)4027833-5  |0 (DE-603)085071234  |2 gnd 
651 7 |a Spanien  |0 (DE-588)4055964-6  |0 (DE-603)085155950  |2 gnd 
651 7 |a Birma  |0 (DE-588)4069500-1  |0 (DE-603)08519543X  |2 gnd 
651 7 |a Südafrika  |0 (DE-588)4078012-0  |0 (DE-603)085221007  |2 gnd 
651 7 |a Thailand  |0 (DE-588)4078228-1  |0 (DE-603)08522183X  |2 gnd 
651 7 |a USA  |0 (DE-588)4078704-7  |0 (DE-603)08522331X  |2 gnd 
655 7 |a Aufsatzsammlung  |2 gnd-content  |0 (DE-588)4143413-4  |0 (DE-603)085562742 
700 1 |a Arielli, Nir  |d 1975-  |0 (DE-603)274593645  |0 (DE-588)1015141021  |2 gnd 
700 1 |a Collins, Bruce  |d 1948-  |0 (DE-603)295122919  |0 (DE-588)170954765  |2 gnd 
856 4 2 |u http://bvbr.bib-bvb.de:8991/F?func=service&doc%5Flibrary=BVB01&local%5Fbase=BVB01&doc%5Fnumber=027592656&line%5Fnumber=0001&func%5Fcode=DB%5FRECORDS&service%5Ftype=MEDIA  |3 zusätzliche Angaben 
924 0 |9 2080  |a (DE-603)792011430  |b DE-2080  |c HES  |d d  |g /